手話でわかりやすい体と病気 Die begegnung
Wedi'i Gadw mewn:
| Prif Awdur: | |
|---|---|
| Fformat: | Llyfr |
| Cyhoeddwyd: |
Japan
全日本ろうあ連盟出版局
2006
|
| Cyfres: | 医療の手話シリーズ別冊
|
| Pynciau: | |
| Tagiau: |
Ychwanegu Tag
Dim Tagiau, Byddwch y cyntaf i dagio'r cofnod hwn!
|
| Thư viện lưu trữ: | Trung tâm Học liệu Lê Vũ Hùng, Trường Đại học Đồng Tháp |
|---|
| LEADER | 00818pam a22002538a 4500 | ||
|---|---|---|---|
| 001 | 00042256 | ||
| 005 | 20180905160937.0 | ||
| 008 | 161006skxdu ||||||Engsd | ||
| 020 | # | # | |a 4915675858 |
| 041 | 0 | # | |a Jap |
| 082 | 1 | 4 | |a 616.07 |b SH500W |
| 100 | 1 | # | |a 高橋英孝 |
| 245 | 1 | 0 | |b Die begegnung |a 手話でわかりやすい体と病気 |c 高橋英孝 |
| 260 | # | # | |c 2006 |a Japan |b 全日本ろうあ連盟出版局 |
| 300 | # | # | |a 95 tr. |c 25 cm. |b ill |
| 490 | # | # | |a 医療の手話シリーズ別冊 |
| 653 | # | # | |a Bệnh |
| 653 | # | # | |a Dấu hiệu |
| 653 | # | # | |a Ngôn ngữ cơ thể |
| 653 | # | # | |a Người khuyết tật |
| 653 | # | # | |a Tiếng Nhật |
| 852 | # | # | |j KD.0024205 |
| 910 | |d 05/09/2018 | ||
| 980 | # | # | |a Trung tâm Học liệu Lê Vũ Hùng, Trường Đại học Đồng Tháp |


